[Event "X Open A"]
[Site "Montecatini Terme ITA"]
[Date "2004.12.28"]
[Round "2"]
[White "Simonini, Roberto"]
[Black "Bocchicchio, Gaetano"]
[Result "1/2-1/2"]
[WhiteElo "2033"]
[BlackElo "2197"]
[PlyCount "38"]
[EventDate "2004.12.27"]

1. e4 c5 2. Nc3 a6 3. a4 e6 4. Nge2 Nc6 5. g3 h5 6. h3 h4 7. g4 Nd4 8. Bg2 Ne7
9. d3 Nec6 10. f4 Nb4 11. Nxd4 cxd4 12. Ne2 Nc6 13. f5 e5 14. O-O Bc5 15. Kh1
b6 16. c4 Bb7 17. Bd2 Nb4 18. Bxb4 Bxb4 19. Nc1 19... a5 {...} 1/2-1/2

[Event "X Open A"]
[Site "Montecatini Terme ITA"]
[Date "2004.12.28"]
[Round "2"]
[White "Stojanovic, Mihajlo"]
[Black "Sabia, Corrado"]
[Result "1-0"]
[WhiteElo "2504"]
[BlackElo "2171"]
[PlyCount "83"]
[EventDate "2004.12.27"]

1. d4 d5 2. c4 c6 3. cxd5 cxd5 4. Nc3 e5 5. Nf3 e4 6. Ne5 Nc6 7. Qa4 Bd7 8.
Nxd7 Qxd7 9. Bf4 Nf6 10. e3 Be7 11. Be2 O-O 12. O-O Bd6 13. Bg5 Ng4 14. h3 Nh2
15. Rfe1 Nf3+ 16. Bxf3 exf3 17. Qd1 Qf5 18. Bf4 Bxf4 19. Qxf3 Rad8 20. Rad1
Rfe8 21. Re2 g6 22. Qxf4 Qxf4 23. exf4 Rxe2 24. Nxe2 Kf8 25. f3 Ke7 26. Kf2 Kd6
27. h4 Rc8 28. h5 Re8 29. g4 Ne7 30. Rh1 Rc8 31. Ke3 Rc2 32. Rb1 Rc8 33. Kd2
gxh5 34. Rh1 hxg4 35. fxg4 Rg8 36. g5 Rg7 37. Ng3 Ke6 38. Rh6+ Rg6 39. Rxh7 f6
40. gxf6 Kxf6 41. Nh5+ Ke6 42. f5+ 1-0

[Event "X Open A"]
[Site "Montecatini Terme ITA"]
[Date "2004.12.28"]
[Round "2"]
[White "Vezzosi, Paolo"]
[Black "Urzi', Silvio"]
[Result "1-0"]
[WhiteElo "2363"]
[BlackElo "1700"]
[PlyCount "87"]
[EventDate "2004.12.27"]

1. d4 d5 2. c4 e6 3. Nc3 c5 4. cxd5 exd5 5. Nf3 Nc6 6. g3 Nf6 7. Bg2 Be7 8. O-O
O-O 9. Bg5 Be6 10. dxc5 Bxc5 11. Rc1 Be7 12. Nd4 h6 13. Be3 Qd7 14. Nxe6 fxe6
15. Na4 b6 16. Bh3 Ne5 17. Bf4 Bd6 18. Nc3 g5 19. Bd2 Bc5 20. Na4 Ne4 21. Nxc5
bxc5 22. Be1 c4 23. f3 g4 24. Bg2 Nd6 25. f4 Ng6 26. e4 Qb5 27. exd5 e5 28.
Qxg4 Kh7 29. f5 Nf4 30. gxf4 Rg8 31. Qe2 Qxd5 32. Bg3 e4 33. Rfd1 Qc5+ 34. Kh1
Rae8 35. f6 Re6 36. f7 Rf8 37. f5 Nxf5 38. Rxc4 Qb5 39. a4 Qb3 40. Rxe4 Rg6 41.
Rg4 Qxd1+ 42. Qxd1 Ne3 43. Qd3 Nxg4 44. Be4 1-0

[Event "X Open A"]
[Site "Montecatini Terme ITA"]
[Date "2004.12.28"]
[Round "3"]
[White "Bocchicchio, Gaetano"]
[Black "Stromboli, Carlo"]
[Result "1/2-1/2"]
[WhiteElo "2197"]
[BlackElo "2119"]
[PlyCount "34"]
[EventDate "2004.12.27"]

1. d4 Nf6 2. Nc3 d5 3. Bg5 e6 4. e4 Be7 5. e5 Nfd7 6. h4 c5 7. Nb5 f6 8. exf6
Nxf6 9. Bxf6 Bxf6 10. Qh5+ g6 11. Qh6 a6 12. h5 axb5 13. hxg6 Qe7 14. gxh7 c4
15. Be2 Bd7 16. Bh5+ Kd8 17. Bg6 17... Nc6 {...} 1/2-1/2

[Event "X Open A"]
[Site "Montecatini Terme ITA"]
[Date "2004.12.28"]
[Round "3"]
[White "Collutiis, Duilio"]
[Black "Amato, Andrea"]
[Result "0-1"]
[WhiteElo "2404"]
[BlackElo "2061"]
[PlyCount "58"]
[EventDate "2004.12.27"]

1. e4 e5 2. Bc4 Nf6 3. d3 Be7 4. Nf3 d6 5. O-O O-O 6. Re1 c6 7. Bb3 Bg4 8. c3
Nbd7 9. h3 Bh5 10. Nbd2 Qc7 11. Nf1 Rfe8 12. Ng3 Bg6 13. Nh4 d5 14. Nxg6 hxg6
15. Bc2 Rad8 16. Qf3 Nc5 17. b4 Ne6 18. a3 a5 19. Bb3 Bf8 20. Ne2 dxe4 21. dxe4
c5 22. Be3 Rd3 23. Bxe6 Rxe6 24. Rec1 c4 25. Ng3 Qc6 26. Rab1 b5 27. a4 axb4
28. axb5 Qxb5 29. cxb4 Rb3 0-1

[Event "X Open A"]
[Site "Montecatini Terme ITA"]
[Date "2004.12.28"]
[Round "3"]
[White "D'Eredita', Giuliano"]
[Black "Aleksic, Nenad"]
[Result "0-1"]
[WhiteElo "1915"]
[BlackElo "2393"]
[PlyCount "44"]
[EventDate "2004.12.27"]

1. e4 c5 2. c3 b6 3. d4 Bb7 4. Bd3 Nf6 5. Qe2 cxd4 6. cxd4 Nc6 7. d5 Ne5 8. Bc2
e6 9. Nc3 Bb4 10. Bd2 a5 11. Nf3 Ba6 12. Nb5 Nxf3+ 13. gxf3 Bxd2+ 14. Kxd2 Bxb5
15. Qxb5 O-O 16. d6 Rc8 17. f4 Rc5 18. Qd3 Nh5 19. Rhg1 Qf6 20. Rab1 Rfc8 21.
Bd1 Nxf4 22. Qe3 e5 0-1

[Event "X Open A"]
[Site "Montecatini Terme ITA"]
[Date "2004.12.28"]
[Round "3"]
[White "Della Corte, Alessandro"]
[Black "Vezzosi, Paolo"]
[Result "0-1"]
[WhiteElo "2144"]
[BlackElo "2363"]
[PlyCount "98"]
[EventDate "2004.12.27"]

1. e4 g6 2. d4 Bg7 3. Nf3 d6 4. Bd3 Nc6 5. c3 e5 6. dxe5 Nxe5 7. Nxe5 dxe5 8.
O-O Be6 9. Qe2 Nf6 10. a4 O-O 11. Na3 Nh5 12. g3 Qe7 13. Be3 Nf6 14. f3 Rfc8
15. Bc4 Bh3 16. Rfd1 Ne8 17. Qf2 Be6 18. Bc5 Qf6 19. Bd5 Bxd5 20. Rxd5 b6 21.
Be3 Qc6 22. Qf1 Nf6 23. Rd2 Bf8 24. Qc4 Qe8 25. Nc2 a6 26. b4 b5 27. Qb3 h6 28.
Ne1 Rd8 29. Rda2 Qc6 30. axb5 axb5 31. Rxa8 Rxa8 32. Rxa8 Qxa8 33. Nd3 Nxe4 34.
Nxe5 Nd6 35. Kf2 Qa4 36. Qb1 Bg7 37. Bd4 Nc4 38. Nc6 Qa8 39. Bxg7 Qxc6 40. Bxh6
Qf6 41. Qc1 Ne5 42. Kg1 Nxf3+ 43. Kg2 Qc6 44. Kh3 Qe6+ 45. g4 Qe2 46. Bf4 Qf2
47. Bg3 Ng1+ 48. Kh4 Qf6+ 49. g5 Qf3 0-1

[Event "X Open A"]
[Site "Montecatini Terme ITA"]
[Date "2004.12.28"]
[Round "3"]
[White "Hautala, Roman"]
[Black "Frugoli, Francesco"]
[Result "1-0"]
[WhiteElo "2175"]
[BlackElo "2089"]
[PlyCount "75"]
[EventDate "2004.12.27"]

1. e4 e5 2. Nf3 Nc6 3. Bb5 Nf6 4. O-O Bc5 5. c3 O-O 6. d4 Bb6 7. Bg5 h6 8. Bh4
d6 9. a4 a6 10. Bxc6 bxc6 11. a5 Ba7 12. dxe5 g5 13. Nxg5 Nxe4 14. Nf3 Ng5 15.
Nxg5 hxg5 16. Bg3 d5 17. Qc2 f5 18. exf6 Qxf6 19. Na3 Bf5 20. Qd2 Rae8 21. Nc2
Be4 22. Nb4 Re7 23. Nxa6 Rff7 24. b4 d4 25. cxd4 Bxd4 26. Rac1 Bd5 27. Nc5 Be5
28. Bxe5 Rxe5 29. Rfe1 Rf5 30. Re8+ Kg7 31. Nd3 Kh6 32. Qe3 Kg7 33. Re5 Rf4 34.
Nxf4 gxf4 35. Qc3 Kf8 36. a6 Qg7 37. Rxd5 cxd5 38. a7 1-0

[Event "X Open A"]
[Site "Montecatini Terme ITA"]
[Date "2004.12.28"]
[Round "3"]
[White "Manole, Vasile"]
[Black "Salami, Marco"]
[Result "1-0"]
[WhiteElo "2370"]
[BlackElo "2170"]
[PlyCount "97"]
[EventDate "2004.12.27"]

1. e4 e6 2. d4 d5 3. Nc3 Bb4 4. exd5 exd5 5. Bd3 Nc6 6. Nge2 Bg4 7. f3 Bh5 8.
O-O Nge7 9. Bf4 a6 10. Na4 b6 11. c3 Bd6 12. b4 Bg6 13. Nb2 Bxd3 14. Nxd3 O-O
15. Re1 Ng6 16. Bxd6 Qxd6 17. Qd2 Nce7 18. Ng3 f6 19. Re2 Rf7 20. a4 Qd7 21. a5
Qb5 22. f4 Nh4 23. Re6 Nhf5 24. axb6 cxb6 25. Nxf5 Nxf5 26. g4 Nh4 27. Kf2 Ng6
28. f5 Nf8 29. Re3 g5 30. fxg6 Nxg6 31. Kg1 Qd7 32. Qe2 Qc6 33. Rf1 a5 34. bxa5
Rxa5 35. Nb4 Qd7 36. h3 Kg7 37. Qf2 Ra8 38. Qf5 Rd8 39. Qxd7 Rfxd7 40. Re6 Rc8
41. Rf3 Nh4 42. Rfe3 f5 43. Re7+ Rxe7 44. Rxe7+ Kg6 45. Nxd5 fxg4 46. hxg4 Nf3+
47. Kf2 Nd2 48. Re2 Rd8 49. Nf4+ 1-0

[Event "X Open A"]
[Site "Montecatini Terme ITA"]
[Date "2004.12.28"]
[Round "3"]
[White "Nardi, Marco"]
[Black "Ramondino, Renzo"]
[Result "1/2-1/2"]
[WhiteElo "1964"]
[BlackElo "2235"]
[PlyCount "106"]
[EventDate "2004.12.27"]

1. e4 c5 2. Nc3 Nc6 3. g3 g6 4. Bg2 Bg7 5. d3 d6 6. Be3 e6 7. Qd2 Rb8 8. Nge2
Nd4 9. O-O b5 10. Nd1 Ne7 11. c3 Nxe2+ 12. Qxe2 b4 13. f4 bxc3 14. bxc3 Ba6 15.
f5 Nc6 16. f6 Bf8 17. Nb2 h5 18. Qd2 Ne5 19. h3 Bh6 20. Bxh6 Rxh6 21. Qxh6 Rxb2
22. Qh8+ Kd7 23. Qxd8+ Kxd8 24. Rfb1 Rxb1+ 25. Rxb1 Bxd3 26. Rb7 a6 27. Kf2 Kc8
28. Ra7 Bb5 29. Bf1 c4 30. a4 Kb8 31. Re7 Bxa4 32. Bxc4 Nxc4 33. Rxf7 Ne5 34.
Re7 a5 35. f7 Nxf7 36. Rxf7 Bc2 37. Ke3 a4 38. Rf1 Kc7 39. Re1 e5 40. Kd2 Bb3
41. Kc1 Kc6 42. Kb2 Kc5 43. Rf1 d5 44. exd5 Kxd5 45. Rf6 e4 46. Rxg6 e3 47. Rg8
Ke4 48. Re8+ Kf3 49. g4 h4 50. g5 e2 51. g6 Kf2 52. Rf8+ Kg3 53. Re8 Kf2
1/2-1/2

[Event "X Open A"]
[Site "Montecatini Terme ITA"]
[Date "2004.12.28"]
[Round "3"]
[White "Simonini, Roberto"]
[Black "Ferretti, Folco"]
[Result "0-1"]
[WhiteElo "2033"]
[BlackElo "2282"]
[PlyCount "74"]
[EventDate "2004.12.27"]

1. e4 c6 2. d4 d5 3. Nc3 g6 4. Be3 Bg7 5. Qd2 dxe4 6. Nxe4 Nd7 7. Nf3 Ngf6 8.
Nxf6+ Nxf6 9. Bd3 Ng4 10. O-O Nxe3 11. fxe3 O-O 12. Rf2 e6 13. c3 b6 14. Raf1
Bb7 15. h3 c5 16. Qc2 Qe7 17. Be4 Rac8 18. Bxb7 Qxb7 19. Qe2 cxd4 20. exd4 Qd5
21. a3 b5 22. Nd2 Rce8 23. Nf3 a5 24. Ne5 Re7 25. Rf3 b4 26. axb4 axb4 27. Nd3
bxc3 28. bxc3 Qc4 29. Qb2 Ra7 30. R1f2 Rc7 31. Nf4 e5 32. dxe5 Bxe5 33. Ne2 Ra8
34. Nd4 Rca7 35. Qb3 Ra1+ 36. Rf1 Rxf1+ 37. Rxf1 Bxd4+ 0-1

[Event "X Open A"]
[Site "Montecatini Terme ITA"]
[Date "2004.12.28"]
[Round "3"]
[White "Stojanovic, Mihajlo"]
[Black "Frilli, Guido"]
[Result "1-0"]
[WhiteElo "2504"]
[BlackElo "2125"]
[PlyCount "71"]
[EventDate "2004.12.27"]

1. d4 d5 2. c4 c6 3. Nc3 Nf6 4. e3 a6 5. Qc2 b5 6. b3 e6 7. Nf3 Bb7 8. Be2 Be7
9. O-O O-O 10. Bb2 Nbd7 11. Rfd1 bxc4 12. bxc4 c5 13. cxd5 cxd4 14. Rxd4 Nxd5
15. Nxd5 exd5 16. Rad1 Rc8 17. Qb1 Qb6 18. Rg4 g6 19. h4 a5 20. h5 Bf6 21. Bxf6
Qxb1 22. Rxb1 Nxf6 23. Ra4 Ba8 24. hxg6 fxg6 25. Rxa5 Ne4 26. Rf1 Bb7 27. Ra7
Rc2 28. Bd1 Rb2 29. Bb3 Nc5 30. Nd4 Ra8 31. Rxa8+ Bxa8 32. Rc1 Nxb3 33. Rc8+
Kg7 34. axb3 Ra2 35. Rc7+ Kg8 36. b4 1-0

[Event "X Open A"]
[Site "Montecatini Terme ITA"]
[Date "2004.12.28"]
[Round "3"]
[White "Tocchioni, Doriano"]
[Black "Choque Paredes, Jose' Carlos"]
[Result "1-0"]
[WhiteElo "2274"]
[BlackElo "1977"]
[PlyCount "65"]
[EventDate "2004.12.27"]

1. Nf3 g6 2. g3 Bg7 3. Bg2 Nf6 4. O-O O-O 5. d4 d6 6. c4 c5 7. Nc3 Nbd7 8. e4
Ng4 9. h3 cxd4 10. Nxd4 Nge5 11. b3 Nc5 12. Be3 Bd7 13. f4 Ned3 14. a3 a5 15.
Ra2 e5 16. Ndb5 exf4 17. gxf4 Qh4 18. Rd2 Bxh3 19. Rxd3 Nxd3 20. Qxd3 Bxg2 21.
Kxg2 Qg4+ 22. Kf2 Bf6 23. Ke1 Rfd8 24. Nd5 Bh4+ 25. Bf2 f5 26. Bxh4 Qxh4+ 27.
Kd1 fxe4 28. Qxe4 Re8 29. Qf3 Rf8 30. Nbc7 Rac8 31. Ne6 Rf5 32. Rh1 Rxd5+ 33.
Qxd5 1-0

[Event "X Open A"]
[Site "Montecatini Terme ITA"]
[Date "2004.12.29"]
[Round "4"]
[White "Aleksic, Nenad"]
[Black "Stojanovic, Mihajlo"]
[Result "0-1"]
[WhiteElo "2393"]
[BlackElo "2504"]
[PlyCount "70"]
[EventDate "2004.12.27"]

1. e4 e6 2. Nf3 d5 3. Nc3 Nf6 4. e5 Nfd7 5. d4 c5 6. dxc5 Nc6 7. Bf4 Nxc5 8.
Bd3 Be7 9. Qd2 Nxd3+ 10. Qxd3 Nb4 11. Qd2 d4 12. Ne2 d3 13. Ned4 Nxc2+ 14. Nxc2
dxc2 15. Qxc2 Qa5+ 16. Bd2 Qa6 17. Bc3 O-O 18. Qe2 b5 19. Bd4 Bb4+ 20. Kf1 Bb7
21. h4 Rfd8 22. Kg1 Rac8 23. Qe3 Rd7 24. h5 h6 25. Rh4 Bf8 26. Rg4 b4 27. Kh2
Rc2 28. Nd2 Kh8 29. Nb3 Qb5 30. Rc1 Rxc1 31. Nxc1 a5 32. Nb3 Rd5 33. Nd2 Bc5
34. Nf3 Bf8 35. Kg1 Qa4 0-1

[Event "X Open A"]
[Site "Montecatini Terme ITA"]
[Date "2004.12.29"]
[Round "4"]
[White "Amato, Andrea"]
[Black "Stromboli, Ettore"]
[Result "1-0"]
[WhiteElo "2061"]
[BlackElo "2207"]
[PlyCount "113"]
[EventDate "2004.12.27"]

1. e4 e6 2. d4 d5 3. e5 c5 4. c3 Nc6 5. Nf3 Qb6 6. a3 c4 7. Nbd2 Na5 8. Be2 Bd7
9. O-O Ne7 10. Qe1 Ba4 11. Bd1 Bxd1 12. Qxd1 Nec6 13. Rb1 Rc8 14. Qa4 Qa6 15.
Qc2 Be7 16. Ne1 Qb6 17. f4 g5 18. f5 Nxd4 19. cxd4 Qxd4+ 20. Kh1 Qxe5 21. fxe6
fxe6 22. b4 Nc6 23. Bb2 d4 24. Qxc4 b5 25. Qd3 Rd8 26. Qf3 Qd5 27. Qf7+ Kd7 28.
Nd3 Kc8 29. Rbc1 Rd7 30. Qf3 Kb7 31. Ne4 Kb6 32. Ndc5 Rdd8 33. a4 a6 34. a5+
Ka7 35. Qg4 e5 36. Nf6 Bxf6 37. Rxf6 Rd6 38. Rxd6 Qxd6 39. Qxg5 Re8 40. Qf5 Re7
41. Ba3 Rc7 42. Qe4 Qf6 43. Nd3 Qd6 44. h3 Kb7 45. Rc5 Re7 46. Rd5 Qg6 47. Qxg6
hxg6 48. Nc5+ Ka7 49. Rd6 Nb8 50. Bb2 g5 51. Nd3 Kb7 52. Nc5+ Ka7 53. Kg1 Ka8
54. Nxa6 Nd7 55. Nc7+ Kb7 56. Nxb5 Rf7 57. Rxd4 1-0

[Event "X Open A"]
[Site "Montecatini Terme ITA"]
[Date "2004.12.29"]
[Round "4"]
[White "Bracali, Andrea"]
[Black "Barberi, Alessandro"]
[Result "1-0"]
[WhiteElo "1799"]
[BlackElo "2161"]
[PlyCount "64"]
[EventDate "2004.12.27"]

1. d4 g6 2. Nf3 Bg7 3. c3 d5 4. Bf4 Nf6 5. h3 O-O 6. e3 Nbd7 7. Nbd2 c5 8. Be2
b6 9. O-O Bb7 10. Ne5 Ne8 11. Nxd7 Qxd7 12. b4 cxd4 13. cxd4 Nd6 14. Qb3 Rfc8
15. Rac1 h6 16. b5 Kh7 17. a4 Rc7 18. Rxc7 Qxc7 19. Qb4 Rc8 20. Nb3 Qc2 21. Bd1
Qc4 22. Bxd6 exd6 23. Qxd6 Bf8 24. Qf4 Kg7 25. Nd2 Qd3 26. Nf3 f6 27. Qg4 Rc7
28. Nh4 Qe4 29. Qg3 Rc8 30. Bg4 Rd8 31. Bf5 Qe8 32. Bxg6 Qe6 1-0

[Event "X Open A"]
[Site "Montecatini Terme ITA"]
[Date "2004.12.29"]
[Round "4"]
[White "Cecconi, Giovanni Alberto"]
[Black "Nardi, Marco"]
[Result "1-0"]
[WhiteElo "2185"]
[BlackElo "1964"]
[PlyCount "114"]
[EventDate "2004.12.27"]

1. d4 Nf6 2. Bg5 Ne4 3. Bf4 c5 4. d5 Qb6 5. Qc1 d6 6. f3 Nf6 7. e4 g6 8. Nd2
Qc7 9. a4 Nbd7 10. Nc4 h5 11. Ne2 Bg7 12. Nc3 a6 13. a5 h4 14. Qd2 b5 15. axb6
Nxb6 16. Ra2 Nxc4 17. Bxc4 Nd7 18. O-O Nb6 19. Be2 h3 20. g3 c4 21. Be3 Rb8 22.
Bd4 O-O 23. Bxg7 Kxg7 24. Qd4+ Kg8 25. f4 Qc5 26. Qxc5 dxc5 27. Kf2 Rd8 28. Rd1
f6 29. Ra5 Nd7 30. Rb1 Rb4 31. Na2 Rb5 32. Rxb5 axb5 33. Nc3 b4 34. Na4 Ba6 35.
Bg4 Bb5 36. Bxd7 Rxd7 37. Nxc5 Ra7 38. Ke3 Ra2 39. Kd4 c3 40. bxc3 Rxc2 41.
Rxb4 Be8 42. Nd3 Rxh2 43. Rb1 Rg2 44. Rh1 Rxg3 45. c4 Bf7 46. c5 Kf8 47. c6 Ke8
48. Nf2 e6 49. Rxh3 Rxh3 50. Nxh3 exd5 51. exd5 Kd8 52. d6 Be6 53. Nf2 g5 54.
fxg5 fxg5 55. Ke5 Bc4 56. Kd4 Be2 57. Ne4 g4 1-0

[Event "X Open A"]
[Site "Montecatini Terme ITA"]
[Date "2004.12.29"]
[Round "4"]
[White "D'Eredita', Giuliano"]
[Black "Sabia, Corrado"]
[Result "0-1"]
[WhiteElo "1915"]
[BlackElo "2171"]
[PlyCount "110"]
[EventDate "2004.12.27"]

1. c4 c6 2. e4 e5 3. Nf3 d6 4. d4 Nd7 5. Nc3 Ngf6 6. Be2 Be7 7. O-O O-O 8. Qc2
Re8 9. h3 Bf8 10. Be3 a6 11. a4 a5 12. Rad1 Qc7 13. Nh2 g6 14. Ng4 Nxg4 15.
Bxg4 exd4 16. Bxd4 Ne5 17. Bxc8 Raxc8 18. b3 Bg7 19. Qd2 Rcd8 20. f4 Nd7 21.
Bxg7 Kxg7 22. Qxd6 Qb6+ 23. Qd4+ Qxd4+ 24. Rxd4 Nc5 25. Rfd1 Rxd4 26. Rxd4 Nxb3
27. Rd6 Nc5 28. e5 g5 29. g3 gxf4 30. gxf4 Re6 31. Rxe6 Nxe6 32. Ne2 Nc5 33.
Nc3 Nd3 34. Ne2 Nb2 35. Nc3 Nxc4 36. Kf2 Na3 37. Ke3 b5 38. Kd4 b4 39. Nd1 Nb1
40. f5 Nd2 41. Kc5 Nf3 42. e6 fxe6 43. fxe6 Kf6 44. Kd6 Nd4 45. e7 Nf5+ 46.
Kxc6 Kxe7 47. Kb5 Kd6 48. Kxa5 Kc5 49. Nb2 b3 50. Ka6 Nd6 51. a5 Kb4 52. Kb6
Nc4+ 53. Nxc4 Kxc4 54. a6 b2 55. a7 b1=Q+ 0-1

[Event "X Open A"]
[Site "Montecatini Terme ITA"]
[Date "2004.12.29"]
[Round "4"]
[White "Ferretti, Folco"]
[Black "Hautala, Roman"]
[Result "0-1"]
[WhiteElo "2282"]
[BlackElo "2175"]
[PlyCount "116"]
[EventDate "2004.12.27"]

1. Nf3 Nf6 2. c4 g6 3. b4 Bg7 4. Bb2 O-O 5. g3 c6 6. Bg2 a5 7. b5 d5 8. Na3
dxc4 9. bxc6 Nxc6 10. Nxc4 Be6 11. Ne3 a4 12. O-O a3 13. Bc3 h6 14. d3 Rb8 15.
Qc1 Qd6 16. Nc2 b5 17. Qf4 Qxf4 18. gxf4 b4 19. Be5 Nxe5 20. fxe5 Nd5 21. Rfb1
Rfc8 22. Ncd4 Nc3 23. Nxe6 Nxb1 24. Rxb1 fxe6 25. Bh3 Rb6 26. Nd4 Bxe5 27.
Bxe6+ Rxe6 28. Nxe6 Kf7 29. d4 Kxe6 30. dxe5 Rb8 31. Rb3 Kxe5 32. Kf1 Kd4 33.
Ke1 Kc4 34. Kd2 Rf8 35. f3 Rf4 36. Re3 Rh4 37. Rxe7 Rxh2 38. Re4+ Kb5 39. Kc2
Rh1 40. Re8 Ra1 41. Rb8+ Kc5 42. Kb3 Rb1+ 43. Ka4 Rb2 44. e4 Rxa2 45. Rc8+ Kd4
46. Kxb4 Rf2 47. Rc4+ Ke5 48. Kxa3 Rxf3+ 49. Kb2 Rf4 50. Kc2 Rxe4 51. Rc6 Kf5
52. Kd3 Re8 53. Rc5+ Kg4 54. Rc6 Kh5 55. Rc1 g5 56. Rh1+ Kg6 57. Ra1 g4 58.
Ra6+ Kg5 0-1

[Event "X Open A"]
[Site "Montecatini Terme ITA"]
[Date "2004.12.29"]
[Round "4"]
[White "Frugoli, Francesco"]
[Black "Bocchicchio, Gaetano"]
[Result "1/2-1/2"]
[WhiteElo "2089"]
[BlackElo "2197"]
[PlyCount "57"]
[EventDate "2004.12.27"]

1. e4 c5 2. Nf3 a6 3. c3 d6 4. d4 Qc7 5. Be2 Bg4 6. O-O Nd7 7. Re1 e5 8. a4
Ngf6 9. dxe5 dxe5 10. Qc2 Be7 11. Nbd2 O-O 12. Nf1 Bh5 13. Nh4 Bxe2 14. Qxe2
Rfe8 15. Nf5 Bf8 16. Qf3 Qc6 17. g4 Re6 18. g5 Ne8 19. N1e3 g6 20. Ng3 f5 21.
gxf6 Rxf6 22. Qg2 Bg7 23. Nd5 Rf7 24. Bg5 Nef6 25. h4 Nf8 26. Bxf6 Bxf6 27. Nf5
Kh8 28. Nh6 Rg7 29. Re3 1/2-1/2

[Event "X Open A"]
[Site "Montecatini Terme ITA"]
[Date "2004.12.29"]
[Round "4"]
[White "Ramondino, Renzo"]
[Black "Frilli, Guido"]
[Result "1-0"]
[WhiteElo "2235"]
[BlackElo "2125"]
[PlyCount "75"]
[EventDate "2004.12.27"]

1. e4 c5 2. Nf3 Nc6 3. d4 cxd4 4. Nxd4 Nf6 5. Nc3 e5 6. Ndb5 d6 7. Bg5 a6 8.
Na3 b5 9. Bxf6 gxf6 10. Nd5 Bg7 11. c3 f5 12. exf5 Bxf5 13. Nc2 O-O 14. Nce3
Bg6 15. h4 Be4 16. f3 Bxd5 17. Nxd5 f5 18. a4 b4 19. cxb4 e4 20. f4 Nd4 21. Rc1
Kh8 22. Rh3 Ne6 23. Rc2 a5 24. b5 Nc5 25. b3 e3 26. Rxe3 Qxh4+ 27. g3 Qh6 28.
Rce2 Qg6 29. Bg2 Ne4 30. Bxe4 fxe4 31. Rh2 h6 32. Qh5 Qh7 33. Ne7 Rf6 34. Qd5
Re8 35. Qxe4 Qxe4 36. Rxe4 Kh7 37. Rhe2 Bf8 38. Nd5 1-0

[Event "X Open A"]
[Site "Montecatini Terme ITA"]
[Date "2004.12.29"]
[Round "4"]
[White "Salami, Marco"]
[Black "Simonini, Roberto"]
[Result "1-0"]
[WhiteElo "2170"]
[BlackElo "2033"]
[PlyCount "49"]
[EventDate "2004.12.27"]

1. e4 e5 2. f4 Bc5 3. Nf3 d6 4. Nc3 Nf6 5. Bc4 Nc6 6. d3 Bg4 7. Na4 Bb6 8. Nxb6
axb6 9. c3 O-O 10. h3 Bxf3 11. Qxf3 exf4 12. Bxf4 Ne5 13. Bxe5 dxe5 14. O-O Qe7
15. Kh1 Rfd8 16. g4 Rd7 17. Rf2 Rf8 18. Raf1 c5 19. Qg3 Qd6 20. Rf5 Re7 21. Qh4
Qc6 22. Rxf6 gxf6 23. Rxf6 Qa4 24. Bb3 Qb5 25. Rf5 1-0

[Event "X Open A"]
[Site "Montecatini Terme ITA"]
[Date "2004.12.29"]
[Round "4"]
[White "Stromboli, Carlo"]
[Black "Tocchioni, Doriano"]
[Result "1-0"]
[WhiteElo "2119"]
[BlackElo "2274"]
[PlyCount "77"]
[EventDate "2004.12.27"]

1. e4 c5 2. Nf3 d6 3. d4 cxd4 4. Nxd4 Nf6 5. Nc3 a6 6. Be3 e6 7. g4 Nc6 8. g5
Nd7 9. Nb3 b5 10. f4 Be7 11. Qd2 b4 12. Na4 Bb7 13. Bg2 Qc7 14. a3 a5 15. Qf2
Bd8 16. c4 bxc3 17. Nxc3 a4 18. Nd2 O-O 19. O-O Ba6 20. Rfc1 Qa5 21. b4 axb3
22. Nxb3 Qc7 23. a4 Nb4 24. Nb5 Qb8 25. Qd2 Bb6 26. Bxb6 Qxb6+ 27. Kh1 Bxb5 28.
Qxb4 Ba6 29. Qxb6 Nxb6 30. Rc6 Nc4 31. Bf1 Rfc8 32. Rxc8+ Rxc8 33. Nd4 Bb7 34.
Bg2 Nd2 35. Kg1 Kf8 36. Re1 Ke7 37. Re2 Rc1+ 38. Kf2 Nc4 39. Ra2 1-0

[Event "X Open A"]
[Site "Montecatini Terme ITA"]
[Date "2004.12.29"]
[Round "4"]
[White "Vezzosi, Paolo"]
[Black "Manole, Vasile"]
[Result "1-0"]
[WhiteElo "2363"]
[BlackElo "2370"]
[PlyCount "71"]
[EventDate "2004.12.27"]

1. d4 d5 2. c4 e6 3. Nc3 Nf6 4. cxd5 exd5 5. Bg5 Be7 6. e3 O-O 7. Bd3 Nbd7 8.
Qc2 Re8 9. Nf3 Nf8 10. O-O c6 11. Rae1 Be6 12. Ne5 N6d7 13. Bxe7 Qxe7 14. Nxd7
Qxd7 15. b4 Qd6 16. Rb1 Rad8 17. Rfc1 Bc8 18. Ne2 a6 19. a4 Qf6 20. b5 axb5 21.
axb5 Rd6 22. bxc6 bxc6 23. Ng3 g6 24. Rb6 Bd7 25. Qc5 Rde6 26. Ne2 g5 27. Ng3
R6e7 28. h3 Ng6 29. Bb5 Re6 30. Be2 Ne7 31. Bg4 Rd6 32. e4 Bxg4 33. e5 Qf4 34.
exd6 Nc8 35. Rxc6 Bd7 36. Rxc8 1-0

[Event "X Open A"]
[Site "Montecatini Terme ITA"]
[Date "2004.12.29"]
[Round "5"]
[White "Aleksic, Nenad"]
[Black "Vezzosi, Paolo"]
[Result "1/2-1/2"]
[WhiteElo "2393"]
[BlackElo "2363"]
[PlyCount "39"]
[EventDate "2004.12.27"]

1. e4 d6 2. d4 Nf6 3. Nc3 g6 4. Bg5 c6 5. Qd2 h6 6. Bh4 g5 7. Bg3 Nh5 8. Nge2
Nd7 9. f3 Nxg3 10. Nxg3 Nf6 11. O-O-O Be6 12. Kb1 Qc7 13. d5 Bd7 14. dxc6 bxc6
15. Bc4 Rg8 16. Rhe1 e6 17. Re3 Be7 18. Rd3 d5 19. Bb3 O-O-O 20. Qe2 1/2-1/2

[Event "X Open A"]
[Site "Montecatini Terme ITA"]
[Date "2004.12.29"]
[Round "5"]
[White "Amato, Andrea"]
[Black "Cecconi, Giovanni Alberto"]
[Result "0-1"]
[WhiteElo "2061"]
[BlackElo "2185"]
[PlyCount "64"]
[EventDate "2004.12.27"]

1. e4 g6 2. d4 Bg7 3. c4 c5 4. Nf3 cxd4 5. Nxd4 Qb6 6. Nb3 d6 7. Nc3 Nf6 8. Be3
Qd8 9. c5 O-O 10. cxd6 exd6 11. Be2 Nc6 12. Qd2 Re8 13. f3 Be6 14. Nd4 Nxd4 15.
Bxd4 d5 16. e5 Nd7 17. f4 Nb8 18. Nb5 Nc6 19. Bc5 b6 20. Ba3 Qh4+ 21. g3 Qh3
22. Bf1 Qh5 23. Nc7 Nxe5 24. Be2 Nf3+ 25. Kd1 Bg4 26. h3 Nxd2 27. Bxg4 Qh6 28.
Kxd2 g5 29. Nxa8 gxf4 30. Nc7 f3+ 31. Kd1 Re2 32. Bb4 Qe3 0-1

[Event "X Open A"]
[Site "Montecatini Terme ITA"]
[Date "2004.12.29"]
[Round "5"]
[White "Bocchicchio, Gaetano"]
[Black "Salami, Marco"]
[Result "0-1"]
[WhiteElo "2197"]
[BlackElo "2170"]
[PlyCount "71"]
[EventDate "2004.12.27"]

1. d4 f5 2. Nc3 d5 3. Bg5 c6 4. Qd2 g6 5. h4 Bg7 6. Nh3 h6 7. Be3 Be6 8. Nf4
Bf7 9. Nd3 Nd7 10. g3 Ngf6 11. f3 Nh5 12. Rg1 e5 13. dxe5 Nxe5 14. Nxe5 Bxe5
15. f4 Bg7 16. Bc5 b6 17. Qe3+ Kd7 18. Bd4 Bxd4 19. Qxd4 Qf6 20. Qa4 Qe7 21. e4
dxe4 22. O-O-O+ Kc7 23. Bc4 Bxc4 24. Qxc4 Kb7 25. g4 Nf6 26. gxf5 gxf5 27. Rg6
Rag8 28. Rdg1 Rxg6 29. Rxg6 Rf8 30. b4 e3 31. Ne2 Qd7 32. Qc3 Nd5 33. Qd4 Rf7
34. h5 a6 35. a3 Qe7 36. Rxh6 0-1

[Event "X Open A"]
[Site "Montecatini Terme ITA"]
[Date "2004.12.29"]
[Round "5"]
[White "Della Corte, Alessandro"]
[Black "Ferretti, Folco"]
[Result "1/2-1/2"]
[WhiteElo "2144"]
[BlackElo "2282"]
[PlyCount "107"]
[EventDate "2004.12.27"]

1. e4 Nf6 2. e5 Nd5 3. c4 Nb6 4. d4 d6 5. exd6 cxd6 6. d5 e5 7. Nc3 Be7 8. Bd3
O-O 9. Nge2 f5 10. f3 N8d7 11. O-O Nc5 12. b3 Nxd3 13. Qxd3 f4 14. a4 Rf6 15.
a5 Nd7 16. Ne4 Rh6 17. g4 Nf6 18. Nf2 Bd7 19. Bb2 Qc8 20. h3 g5 21. b4 Qe8 22.
Kg2 Rc8 23. Nc3 Rg6 24. Rac1 h5 25. Nce4 Nxe4 26. Nxe4 Kf7 27. Rh1 b6 28. axb6
axb6 29. Ra1 Ra8 30. c5 bxc5 31. bxc5 Rxa1 32. Rxa1 Qb8 33. Rb1 hxg4 34. fxg4
dxc5 35. d6 Bxd6 36. Bxe5 Qa8 37. Kh2 Bxe5 38. Qxd7+ Kg8 39. Qd3 f3+ 40. Kg1
Bd4+ 41. Kf1 f2 42. Qb3+ Kf8 43. Qb8+ Qxb8 44. Rxb8+ Ke7 45. Rb7+ Ke8 46. Rb8+
Kd7 47. Rf8 c4 48. Nxf2 Re6 49. Rf5 c3 50. Rd5+ Rd6 51. Rxd6+ Kxd6 52. Ne4+ Kd5
53. Nxc3+ Bxc3 54. h4 1/2-1/2